مكتبة جامعة عجلون الوطنية

فهرس بحث المكتبة

Normal view MARC view
  • Preparation Ananbeh, Alla sabaa Amayreh, Rawan AL-Mohammad ؛ supervisor Mahmoud AL-Sobh, Co Supervisor Abeer AL-Ghazo

Entry Personal Name

Number of records used in: 1

001 - CONTROL NUMBER

  • control field: 5798

003 - CONTROL NUMBER IDENTIFIER

  • control field: JO-AjAnu

005 - DATE AND TIME OF LATEST TRANSACTION

  • control field: 20230606071236.0

008 - FIXED-LENGTH DATA ELEMENTS

  • fixed length control field: 230606|| aca||aabn | a|a d

040 ## - CATALOGING SOURCE

  • Original cataloging agency: JO-AjAnu
  • Transcribing agency: JO-AjAnu

100 ## - HEADING--PERSONAL NAME

  • Personal name: Preparation Ananbeh, Alla sabaa Amayreh, Rawan AL-Mohammad ؛ supervisor Mahmoud AL-Sobh, Co Supervisor Abeer AL-Ghazo

670 ## - SOURCE DATA FOUND

  • Source citation: Work cat.: (JO-AjAnu)3005: Preparation Ananbeh, Alla sabaa Amayreh, Rawan AL-Mohammad ؛ supervisor Mahmoud AL-Sobh, Co Supervisor Abeer AL-Ghazo, author, Challenges Encountered Among Ajloun Aational University Students when using the English Perpositions